000 00402nam a22001817a 4500
008 240219b |||||||| |||| 00| 0 eng d
020 _a9788170847311
040 _a30
082 _a615.320 KAM
100 _aKAMAT , S.D
110 _bAYURVEDA
245 _aBHAVAPRAKASA NIGHANTUH VOL-1
250 _a1ST
260 _aDELHI
_bCSP
_c2023
300 _a658
650 _aDRAVYAGUNA
942 _c01
999 _c58286
_d58286